| 000 | 00735nam a2200229 4500 | ||
|---|---|---|---|
| 003 | OSt | ||
| 005 | 20240725082727.0 | ||
| 006 | a | ||
| 008 | 240725b |||||||| |||| 00| 0 eng d | ||
| 020 | _a9780415776738 | ||
| 040 |
_aDWCL-Main lib. _cOC |
||
| 082 | _aCirc. 337 T478l 2010 | ||
| 100 | _aThompson, William R. | ||
| 245 | _aLimits to globalization : North-South divergence / | ||
| 260 |
_aLondon : _bRoutledge, _cc2010. |
||
| 300 |
_axiii, _b196 p. : ill. ; _c24 cm. |
||
| 504 | _aIncludes bibliographical references & index. | ||
| 650 | _a1. International economic relations. | ||
| 650 | _a2. Globalization-Economic aspects. | ||
| 650 | _a3. Developing countries-Economic conditions. | ||
| 942 |
_2ddc _n0 _cBK-CIRC _kCirc. |
||
| 999 |
_c2754 _d2754 |
||